|
|
|
|
| LEADER |
00000nab a2200000 a 4500 |
| 001 |
vtls008943653 |
| 003 |
SK-MaSNL |
| 005 |
20260303070923.0 |
| 008 |
060727 19770426xo d 000 0 slo |
| 015 |
|
|
|a SNBRB1977
|
| 040 |
|
|
|a SNKBUCL
|b slo
|c SNKBUCL
|e AACR2
|
| 041 |
0 |
|
|a slo
|
| 044 |
|
|
|a xo
|c SK
|
| 080 |
|
|
|a 329.15
|x (437.6)
|2 2001
|
| 245 |
0 |
0 |
|a Rokovala ideologická komisia ÚV KSS
|b [25. 4. 1977 v Bratislave]
|
| 610 |
2 |
7 |
|a Komunistická strana Slovenska.
|b Ústredný výbor.
|b Ideologická komisia
|2 SNK
|9 1068960
|
| 648 |
|
7 |
|a 25.4.1977
|2 snkbucl
|9 1068961
|
| 773 |
0 |
|
|t Hlas ľudu
|g (26.4.1977), s. 1
|
| 999 |
|
|
|c 1757528
|d 1759458
|